LEADER 00751naa a2200217 u 4500 001 000000093144 003 CaOOAMICUS 005 20070226130132.0 008 010621s1928 fr u000 u fre u 035 $a10893433 040 $aPUL(R)$bita 100 1 $aKraus, Herbert.$0(OLS)http://pul/name/59965 245 13$aLa morale internationale /$cpar Herbert Kraus. 260 $a[S. l. :$bs. n.],$c1928. 300 $aP. [385-537] 504 $aBibliografia in nota. 650 4$aDiritto internazionale.$0(OLS)http://pul/subject/2505 773 0 $tRecueil des cours$gv.I (1927) 773 0 $tRecueil des cours 1927$w()59471 996 $6245$aLa morale internationale$9(OLS)http://pul/title/120021 996 $6260$a[S. l. :$bs. n.]$9(OLS)http://pul/publisher/47882 LEADER 01386nam a2200313 u 4500 001 000000053513 003 CaOOAMICUS 005 20070226115553.0 008 001116s1985 it u000 u ita u 020 $a8816950137 035 $a10861490 040 $aPUL(R)$bita 100 1 $aRivetti Barbò, Francesca.$0(OLS)http://pul/name/38056 245 10$aDubbi, discorsi, verità :$blineamenti di filosofia della conoscenza /$cFrancesca Rivetti Barbò. 260 $aMilano :$bJaca Book,$c1985. 300 $a206 p. ;$c23 cm 490 1 $aLe Edizioni universitarie Jaca.$aFilosofia ;$v13 650 4$aConoscenza.$0(OLS)http://pul/subject/6941 830 3$aLe Edizioni universitarie Jaca.$pFilosofia ;$v13.$0(OLS)http://pul/title/175 850 $aPUL 852 $aPUL$W1$xDP1 Fondo Giannini$y60$m1555 B 2$j70594$nBK-PRI$b $qFondi$B70594$CPULBib$Z2$F70594 $H $81 852 $aPUL$W1$xSL Filosofia 1$y2$m96 D 88$j70595$nBK-PRI$b $qStampati$B70595$CPULBib$Z2$F70595 $H $81 941 1 $a1 941 1 $a8 961 $aINV: Fondo Giannini 961 $aINV: 53768 996 $6020$a8816950137$9(OLS)http://pul/number/67437 996 $6245$aDubbi, discorsi, verità :$blineamenti di filosofia della conoscenza$9(OLS)http://pul/title/71785 996 $6260$aMilano :$bJaca Book$9(OLS)http://pul/publisher/47900 LEADER 01095nam a2200289 u 4500 001 000000081239 003 CaOOAMICUS 005 20070226123732.0 008 050317s1949 it u000 u ita u 035 $a11034811 040 $aPUL(R)$bita 041 1 $aita$hfre 100 1 $aMaritain, Jacques,$d1882-1973.$0(OLS)http://pul/name/868 245 10$aUmanesimo integrale /$cJacques Maritain. 250 $a3.ed. 260 $aRoma :$bStudium,$c1949. 300 $a242 p. ;$c23 cm 490 1 $aCultura ;$v1 650 4$aUmanesimo$xStoria.$0(OLS)http://pul/subject/704 830 0$aCultura (Edizioni Studium) ;$v1.$0(OLS)http://pul/title/561 850 $aPUL 852 $aPUL$W1$xDP1 Fondo Cecchetti$y53$m286 E 6$j103672$nBK-PRI$b $qFondi$B103672$CPULBib$Z2$F103672 $H $81 852 $aPUL$W1$xDP1 Filosofia 1$y19$m590 G 24$j139346$2. copia$qStampati$B138562$CPULBib$Z2$F138562 $82 941 1 $a1 941 1 $a8 996 $6245$aUmanesimo integrale$9(OLS)http://pul/title/23788 996 $6260$aRoma :$bStudium$9(OLS)http://pul/publisher/47892